Statistics for Maryland General Knowledge

Click here to take the quiz!

General Stats

  • This quiz has been taken 138 times
  • The average score is 10 of 15

Answer Stats

HintAnswer% Correct
Huge estuary that runs through MD. _______ BayChesapeake
94%
MLB team in BaltimoreOrioles
93%
NFL team in BaltimoreRavens
93%
Historic capital city on the bayAnnapolis
90%
Coastal resort town with a boardwalkOcean City
90%
Major river than runs into the bayPotomac
86%
Famous olympic swimmer from BaltimoreMichael Phelps
85%
City where you'll find University of MarylandCollege Park
80%
Maryland gave up some of its land to form this:District of Columbia
78%
Nickname: ___ ____ StateOld Line
71%
Non-profit aquarium in downtown BaltimoreNational Aquarium
57%
National monument and historic shrine in BaltimoreFort Mchenry
27%
Important city near WashingtonRockville
26%
Another nickname: ____ StateFree
19%
Huge cosmetics brand founded in MarylandCovergirl
7%

Score Distribution

Percentile by Number Answered

Percent of People with Each Score

Your Score History

You have not taken this quiz